| 000 | 00672nam a2200193 i 4500 | ||
|---|---|---|---|
| 001 | 37249 | ||
| 003 | ES-MaACL | ||
| 005 | 20231228062648.0 | ||
| 007 | t| | ||
| 008 | 030220s1945 sp ||||1| spa d | ||
| 100 | 1 |
_aBustinza Lachiondo, Florencio. _932906 |
|
| 245 | 1 | 0 |
_aDe Pasteur a Fleming _b: los antibióticos antimicrobianos y la penicilina / _cpor Florencio Bustinza Lachiondo ; prólogo de Gregorio Marañón. |
| 260 |
_aMadrid : _bPlus Ultra, _c[1945] ( _fAldus) |
||
| 300 |
_a1 lám., XV, 320 p. : _bil. ; _c24 cm. |
||
| 650 | 0 | 4 |
_aAntibióticos. _99849 |
| 700 | 1 |
_aMarañón, Gregorio, _d1887-1960 _976311 |
|
| 852 |
_aES-MaACL _jE-592 |
||
| 999 |
_c37249 _d37249 |
||